Between Power Politics and Pacifist Utopia: peace and war in sociological theory /
Uloženo v:
| Hlavní autor: | |
|---|---|
| Médium: | Text |
| Tagy: |
Přidat tag
Žádné tagy, Buďte první, kdo vytvoří štítek k tomuto záznamu!
|
MARC
| LEADER | 00000 a a2200000 04500 | ||
|---|---|---|---|
| 001 | 48347 | ||
| 003 | |||
| 040 | |||
| 100 | |a Joas, Hans | ||
| 245 | |a Between Power Politics and Pacifist Utopia: |b peace and war in sociological theory / |c Hans Joas | ||
| 773 | |g volumen 39, número 1, (1991), páginas 47-66 | ||
| 999 | |c 39145 |d 39145 | ||
